000 00266nam a22001217a 4500
040 _cHS
082 _a338
100 _aNA
245 _aAgricultural development strategies process and structure
260 _aUnited nation
_bNA
_c2004
300 _a491p;
942 _cEK
999 _c9664
_d9664